_A Textbook of The constitution and Government of Kenya for Secondary schools (Record no. 6848)
[ view plain ]
| 000 -LEADER | |
|---|---|
| fixed length control field | 00469nam a2200145Ia 4500 |
| 008 - FIXED-LENGTH DATA ELEMENTS--GENERAL INFORMATION | |
| fixed length control field | 151021s9999 xx 000 0 und d |
| 050 ## - LIBRARY OF CONGRESS CALL NUMBER | |
| Classification number | JQ 2949 .A75 G5 1987 |
| 245 ## - TITLE STATEMENT | |
| Title | _A Textbook of The constitution and Government of Kenya for Secondary schools |
| 260 ## - PUBLICATION, DISTRIBUTION, ETC. (IMPRINT) | |
| Place of publication, distribution, etc. | Nairobi sterling publishers 1987 |
| 300 ## - PHYSICAL DESCRIPTION | |
| Extent | xvi,654p. |
| 500 ## - GENERAL NOTE | |
| General note | Includes Index and bibliograpy |
| 650 ## - SUBJECT ADDED ENTRY--TOPICAL TERM | |
| Topical term or geographic name as entry element | _constitution |
| 700 ## - ADDED ENTRY--PERSONAL NAME | |
| Personal name | _Kabuya Miano |
| 980 ## - EQUIVALENCE OR CROSS-REFERENCE-SERIES STATEMENT--PERSONAL NAME/TITLE [LOCAL, CANADA] | |
| Personal name | ^d20110316 02:16:17^okorir |
No items available.